Statistiques concernant Devine le personnage harry potter #3

Cliquez ici pour prendre le quiz!

Statistiques générales

  • Ce quiz a été pris 318 fois
  • Le résultat moyen est 9 sur 10

Statistiques - réponses

HintIndiceRéponse% Correct
1Intelligente, livre, trioHermione Granger
100%
2Crapaud, maladroitNeville Londubat
98%
6Serdaigle, asiatiqueCho Chang
97%
9Chouette, blancheHedwige
97%
5Loup garou, maraudeurRemus Lupin
97%
7Durmstrang, hermioneViktor Krum
95%
4Grande famille, rousseMolly Weasley
90%
8Folle, aucune pitiéBellatrix Lestrange
89%
3Explosion, gryffondorSeamus Finnigan
85%
10Ronron, gryffondorLavande Brown
84%

Distribution des résultats

Percentile par nombre de réponses

% des personnes avec chaque résultat

Votre développement - résultats

Vous n’avez pas pris ce quiz